000 00284nam a2200121Ia 4500
008 231106s2019 xx 000 0 und d
041 _aeng
082 _a751.42
100 _aLACKIE BARRASS
245 _aDRAWING : A COMPLETE GUIDE
260 _bSEARCH PRESS
_c2019
300 _aP-144
999 _c920150
_d920150